01220na a2200325 450000100060000000300080000600500170001400800410003102000180007203500100009004000250010004100080012508200300013310000160016324501320017924600250031124600560033626000660039230000370045849000330049549000530052850400280058165000380060965000470064765000480069465100520074265700530079470000280084770000190087514602MIRAKIL20181213155309.0161031b tu 000 0  a9786053990512 a14602 aMilasbturcTR-AnCHP atur a304.8994350493bK96b 2008 aKaya, Ayhan aBelçika-TürkleribTürkiye ve AB arasında köprü mü, engel mi?cAyhan Kaya, Ferhat Kentel ; Çeviren Suna Gökçe aBelçika Türkleri aTürkiye ve AB arasında köprü mü, engel mi? aİstanbulbİstanbul Bilgi Üniversitesi Yayınlarıc2008 axiv, 220 s.btbl. , grf.c24 sm. aGöç Çalışmalarıv9 aİstanbul Bilgi Üniversitesi yayınlarıv214 aKaynakça ve dizin var aKültür politikasızBelçika aTürklerxYaşam koşullarızBelçika aGöçmenlerxSosyal koşullarzBelçika aTürkiyexDış ilişkilerzAvrupa Birliği aYurt dışında yaşayan Türkler zBelçika aGökçe, Sunacçev. aKentel, Ferhat